00630nam a2200241 i 4500001001100000003000500011005001700016008004100033020001500074040002500089082001500114090001900129100002900148245002700177264005300204300002400257336002100281337002500302338002300327700001100350942001000361999001700371C2-0095883PPAK20180727093350.0970518s1982 ja |||| ||||| | eng d a0870115332 aPPAKbengcPPAKerda04a920.7222300a920.72bINOdG1 aInoue, Yasushi, eauthor10aChronicle of my mother 1aTokyo, Japan : bKodansha International , c1982 a164 pages ; c22 cm 2rdacontentatext 2rdamediaaunmediated 2rdacarrieravolume eauthor ddccB c20508d20508